| 000 | 01377cam a2200265 4500 | ||
|---|---|---|---|
| 001 | ABS65041 | ||
| 008 | 020123n2001 000 0 eng u | ||
| 035 | _a(Sirsi) u116404 | ||
| 100 | _aMaude, R | ||
| 245 | 2 | _aA roof over their heads | |
| 260 | _c2001 | ||
| 490 |
_aEstates Gazette _v(0150) 15 December 2001, 82-83(2) |
||
| 520 | _aExamines the issues facing hoteliers looking to use their premises for the housing of homeless people or asylum seekers. Outlines the various uses of hostels, hotels, houses in multiple occupation and residential uses as defined by the Town and Country Planning Use Classes Order 1987 and highlights temporary sleeping accommodation under the Greater London Council (General Powers) Act 1973. Discusses recent case law in which local authorities have served enforcement notices to prevent hotel owners from using their premises to house homeless people, and identifies the key principles arising from these cases to help hoteliers avoid legal problems. Also considers how change of use may affect hotel valuation. | ||
| 590 | _aABS | ||
| 650 | _aHOMELESS | ||
| 650 | _aASYLUM SEEKERS | ||
| 650 | _aHOTEL MARKET | ||
| 650 | _aSOCIAL HOUSING | ||
| 650 | _aCHANGE OF USE | ||
| 650 |
_aValuation _96273 |
||
| 650 | _aHOTELS | ||
| 650 | _aTOWN AND COUNTRY PLANNING USE CLASSES ORDER 1987 | ||
| 700 | _aMorgan, E | ||
| 942 | _n0 | ||
| 999 |
_c69332 _d69332 |
||